Adventure Time Princesses Quiz Stats

 Plays Quiz Updated Feb 20, 2020

Support Sporcle.
Go Orange.
Score 0/15 Timer 03:00
1 Play Today
Princess % Correct
Princess Bubblegum
92.1%
Lumpy Space Princess
85.2%
Flame Princess
83.6%
Hot Dog Princess
80.8%
Ghost Princess
79.7%
Slime Princess
79.2%
Turtle Princess
77.8%
Princess Cookie
72.9%
Princess % Correct
Bee Princess
70.1%
Princess Muscles
57%
Wildberry Princess
47.6%
Princess Princess Princess
40.6%
Raggedy Princess
40.2%
Princess Beautiful
30.3%
Engagement Ring Princess
20.1%

From the Vault

1-10 Letter W Words

by sproutcm

We're waiting while words wander wholesomely.
Remove Ads.
Support Sporcle.
Get the best of Sporcle when you Go Orange. This ad-free experience offers more features, more stats, and more fun while also helping to support Sporcle. Thank you for becoming a member.

Show Comments

Extras

Top Quizzes Today


Score Distribution

Your Account Isn't Verified!

In order to create a playlist on Sporcle, you need to verify the email address you used during registration. Go to your Sporcle Settings to finish the process.

Report this User

Report this user for behavior that violates our Community Guidelines.

Details: